000 004570000a22001810004500
003 MACL
005 20160129163018.0
008 160129b xxu||||| |||| 00| 0 eng d
040 _aMACL
_cMACL
041 _aEnglish
082 _a823/BHA
100 _aBhatia, Gautam
_913997
245 _aPunchtantra
_bParables for the 21st century
260 _bPenguin Books
_c1998
_aNew Delhi
350 _a250
650 _aFiction
_935662
942 _cBK
_k823/BHA
_2ddc
999 _c31267
_d31267